Cinco dramas en un acto / (Record no. 148492)

MARC details
000 -LEADER
campo de control de longitud fija 00953nam a2200265 4500
001 - NÚMERO DE CONTROL
campo de control 148492
003 - IDENTIFICADOR DE NÚMERO DE CONTROL
campo de control ES-MaACL
005 - FECHA Y HORA DE LA ÚLTIMA TRANSACCIÓN
campo de control 20251002162510.0
007 - CAMPO FIJO DE DESCRIPCIÓN FÍSICA--INFORMACIÓN GENERAL
campo de control de longitud fija t|
008 - DATOS DE LONGITUD FIJA--INFORMACIÓN GENERAL
campo de control de longitud fija 070214s1929 sp r ||||1| spa d
100 1# - ENTRADA PRINCIPAL--NOMBRE DE PERSONA
Nombre de persona Strindberg, August.
9 (RLIN) 108433
245 10 - MENCIÓN DEL TÍTULO
Título Cinco dramas en un acto /
Mención de responsabilidad, etc. Augusto Strindberg ; traducción de Alejandro Rodríguez Álvarez.
260 ## - PUBLICACIÓN, DISTRIBUCIÓN, ETC.
Lugar de publicación, distribución, etc. Madrid :
Nombre del editor, distribuidor, etc. [s. n.],
Fecha de publicación, distribución, etc. 1929 (
Fabricante Imp. G. Hernández y Galo Sáez)
300 ## - DESCRIPCIÓN FÍSICA
Extensión 286 p. ;
Dimensiones 16 x 10 cm.
505 8# - NOTA DE CONTENIDO CON FORMATO
Nota de contenido con formato Contiene: La más fuerte ; Debe y haber ; Amor maternal ; Ante la muerte ; El primer aviso.
594 ## - Nota al título y mención de responsabilidad
Nota al título y mención de responsabilidad Alejandro Rodríguez Álvarez, dramaturgo conocido por el seud. de Alejandro Casona.
700 1# - ENTRADA AGREGADA--NOMBRE PERSONAL
Nombre de persona Casona, Alejandro,
Fechas asociadas al nombre 1903-1965
9 (RLIN) 171490
740 02 - ENTRADA AGREGADA--TÍTULO RELACIONADO/ANALÍTICO NO CONTROLADO
Título relacionado o analítico no controlado La más fuerte.
740 02 - ENTRADA AGREGADA--TÍTULO RELACIONADO/ANALÍTICO NO CONTROLADO
Título relacionado o analítico no controlado Debe y haber.
740 02 - ENTRADA AGREGADA--TÍTULO RELACIONADO/ANALÍTICO NO CONTROLADO
Título relacionado o analítico no controlado Amor maternal.
740 02 - ENTRADA AGREGADA--TÍTULO RELACIONADO/ANALÍTICO NO CONTROLADO
Título relacionado o analítico no controlado Ante la muerte.
740 32 - ENTRADA AGREGADA--TÍTULO RELACIONADO/ANALÍTICO NO CONTROLADO
Título relacionado o analítico no controlado El primer aviso.
852 ## - LOCALIZACIÓN
Ubicación ES-MaACL
Número de control de estantería B-2895
Holdings
Estatus retirado Estado de pérdida Estado de daño No para préstamo Biblioteca de origen Biblioteca actual Ubicación en estantería Fecha de adquisición Fuente de adquisición Total de préstamos Signatura topográfica completa Código de barras Visto por última vez Precio de reemplazo Tipo de ítem Koha
        Biblioteca del Ateneo de Madrid Biblioteca del Ateneo de Madrid Sala Pardo Bazán 17/01/2008     B-2895 1154965 23/02/2023 23/02/2023 Libro impreso